Straight talk on investing what you need to know (Record no. 1092715)

MARC details
000 -LEADER
fixed length control field 00334nam a2200121Ia 4500
008 - FIXED-LENGTH DATA ELEMENTS--GENERAL INFORMATION
fixed length control field 231228s9999 xx 000 0 und d
041 ## - LANGUAGE CODE
Language code of text/sound track or separate title eng
082 ## - DEWEY DECIMAL CLASSIFICATION NUMBER
Classification number 332.6
Item number BRE
100 ## - MAIN ENTRY--PERSONAL NAME
Personal name BRENNAN (Jack)
245 ## - TITLE STATEMENT
Title Straight talk on investing what you need to know
260 ## - PUBLICATION, DISTRIBUTION, ETC.
Place of publication, distribution, etc. New Delhi
Name of publisher, distributor, etc. Wiley India Pvt. Ltd. New Delhi
300 ## - PHYSICAL DESCRIPTION
Extent 239

No items available.